| 000 | 01945pam a2200361 i 4500 | ||
|---|---|---|---|
| 999 |
_c64755 _d64755 |
||
| 001 | 29594497 | ||
| 003 | CO-MdFUSB | ||
| 005 | 20190202100337.0 | ||
| 008 | 931215s1994 ilu g b 001 0 eng | ||
| 010 | _a93047018 | ||
| 020 | _a0830814124 (alk. paper) | ||
| 040 |
_aDLC _cCO-MdFUSB _dCO-MdFUSB _bspa _erda |
||
| 041 | _aeng | ||
| 082 |
_224 _aG 220.601 _bB652h |
||
| 100 | 1 |
_aBloesch, Donald G., _d1928-2010. _eautor |
|
| 245 | 1 | 0 |
_aHoly Scripture _b: revelation, inspiration & interpretation _c/ Donald G. Bloesch. |
| 264 | 1 |
_aDowners Grove, Illinois : _bInterVarsity Press, _c℗1994 |
|
| 264 | 4 | _c©1994 | |
| 300 |
_a384 páginas ; _c24 cm. |
||
| 336 |
_2rdacontent _atexto _btxt |
||
| 337 |
_2rdamedia _asin mediación _bn |
||
| 338 |
_2rdacarrier _avolumen _bnc |
||
| 490 | 1 | _aChristian foundations. | |
| 500 | _aVolumen 2 | ||
| 504 | _aIncluye índices (páginas 369- 384) | ||
| 505 | _aIntroducción -- La crisis en la autoridad bíblica -- El significado de la revelación -- La inspiración de las Escrituras -- Las Escrituras y la iglesia -- El problema hermenéutico -- Rudolf Bultmann: Una presencia perdurable -- La Biblia y el mito -- La verdad en la Biblia y la perspectiva filosófica | ||
| 520 | 1 | _a"In dialogue with Martin Luther, John Calvin, P. T. Forsyth, Karl Barth and Emil Brunner, Donald Bloesch's Holy Scripture examines the implications of biblical authority for the twenty-first century. It surveys the role of the Bible as seen within the Bible itself and as that role has unfolded through centuries of Christian tradition. It also explains and critiques many highly contested late-modern issues, such as the value of biblical criticism, the meaning of myth, the plethora of hermeneutical options and the nature of truth."--BOOK JACKET. | |
| 630 | 0 | 7 |
_aBiblia _xCrítica, interpretación, etc. |
| 650 | 0 |
_aBiblia _916 |
|
| 942 | _cBK | ||